El genio latino y el mundo moderno

שמור ב:
מידע ביבליוגרפי
מחבר ראשי: Ferrero, Guglielmo (Author)
פורמט: ספר
שפה:ספרדית
יצא לאור: París V. de C. Bouret 1918
נושאים:
תגים: הוספת תג
אין תגיות, היה/י הראשונ/ה לתייג את הרשומה!

MARC

LEADER 00000nam a2200000 a 4500
001 UCP9094
003 CL-VaPUC
008 000317e19180000FR |||||||||||||||||spa|d
082 0 4 |a 937  |b FER  |2 21 
100 0 |a Ferrero, Guglielmo  |e author  |9 523079 
245 1 3 |a El genio latino y el mundo moderno 
300 |a 331 p 
942 |c BK 
945 |d 20000317 00:00:00  |a rherrera 
260 |a París  |b V. de C. Bouret  |c 1918 
650 0 |a Historia antigua  |9 267521 
650 7 |a ROMA  |2 CL-VaPUC  |9 317375 
650 0 |a Cultura y sociedad  |9 367502 
650 7 |a INFLUENCIAS  |2 CL-VaPUC  |9 392669 
650 7 |a LEGADO  |2 CL-VaPUC  |9 523080 
583 |a last modification  |c 20000317 00:00:00  |k Rodrigo Vera 
999 |c 326809  |d 326807 
952 |0 0  |1 0  |4 0  |6 937_000000000000000_FER_1918  |7 0  |8 X  |9 408952  |a BIBHIS  |b BIBHIS  |d 2019-11-22  |i 1395866  |o 937 FER 1918  |p 1395866  |r 2024-01-30  |w 2019-11-22  |y BK_X  |k HIS